000 00347pab a2200121 454500
008 180718b xxu||||| |||| 00| 0 eng d
100 _aGolden, Mirian
245 _aThe dynamics of trade unionsim and national economic performance
650 _a Trade Unions
650 _aLabour Unions
773 _aAmerican Political Science Review
909 _a24559
999 _c24559
_d24559